000 00498nam a2200181Ia 4500
003 GCL
008 140319s9999 xx 000 0 ara d
040 _aGCL /
_cGCL
082 0 4 _aط
_b813.02
_bم م
100 1 _aمحمد قدرى لطفى
245 1 0 _aمشمشة والكنز /
_cمحمد قدرى لطفى
260 _a[S.N] :
_bمكتبة مصر
490 _a
650 0 4 _aالاطفال
650 0 4 _aقصص الاطفال
650 0 4 _aالقصص الخرافية
942 _2ddc
_cBK
999 _c34480
_d34480